[Event "Canberra Sunday Summer"]
[Site "Canberra"]
[Date "2021.01.17"]
[Round "2"]
[White "Vels, Philip"]
[Black "Mathur, Rohitansh"]
[Result "1-0"]
[WhiteElo "1404"]
[BlackElo "1027"]
[PlyCount "75"]
[EventDate "2021.01.10"]
[EventType "swiss"]
[EventRounds "7"]
[EventCountry "AUS"]
[SourceTitle "EXT 2022"]
[Source "ChessBase"]
[SourceDate "2021.10.06"]
[SourceVersion "1"]
[SourceVersionDate "2021.10.06"]
[SourceQuality "1"]

1. d4 d5 2. Nf3 Nc6 3. e3 Nf6 4. c3 e6 5. Bd3 Bd6 6. 0-0 0-0 7. Nbd2 e5 8. dxe5 Nxe5 9. Nxe5 Bxe5 10. Nf3 Bd6 11. Re1 Re8 12. b3 Bg4 13. Bb2 c6 14. Be2 Qc7 15. h3 Bxf3 16. Bxf3 Qe7 17. Qc2 Qe5 18. c4 Qh2+ 19. Kf1 Qh1+ 20. Ke2 Qh2 21. Bxf6 gxf6 22. cxd5 cxd5 23. Bxd5 Rac8 24. Qf5 Re5 25. Qxc8+ Kg7 26. Qg4+ Kf8 27. Rh1 Rg5 28. Qc8+ Kg7 29. Rxh2 Bxh2 30. g3 Rxd5 31. Qxb7 Rh5 32. h4 Ra5 33. Qg2 Bxg3 34. Qxg3+ Kf8 35. Rd1 Rxa2+ 36. Kf3 Ra5 37. Rd8+ Ke7 38. Qd6# 1-0